" Nicolasa, ¿habráse visto cosa igual?...": los discursos sobre mujeres y participación política en Costa Rica, 1910-1949 /
Uloženo v:
| Hlavní autor: | |
|---|---|
| Médium: | Text |
| Témata: | |
| Tagy: |
Přidat tag
Žádné tagy, Buďte první, kdo vytvoří štítek k tomuto záznamu!
|
MARC
| LEADER | 00000 a a2200000 04500 | ||
|---|---|---|---|
| 001 | 17121 | ||
| 003 | |||
| 040 | |||
| 100 | |a Rodríguez Sáenz, Eugenia | ||
| 245 | |a " Nicolasa, ¿habráse visto cosa igual?...": los discursos sobre mujeres y participación política en Costa Rica, 1910-1949 / |c Eugenia Rodríguez Sáenz | ||
| 650 | |a PARTICIPACION DE LA MUJER | ||
| 650 | |a POLITICA | ||
| 650 | |a MUJERES | ||
| 650 | |a LEGISLACION | ||
| 650 | |a ANALISIS HISTORICO | ||
| 650 | |a MOVIMIENTOS FEMENINOS | ||
| 650 | |a ANALISIS DE CONTENIDO | ||
| 773 | |g volumen 7, número 1; páginas 85-122 | ||
| 999 | |c 23259 |d 23259 | ||
